Chelsea - Tous les joueurs de 2000 à 2010 - Statistiques

Statistiques générales
  • Ce quiz a été pris 29 fois
  • Le résultat moyen est 27 sur 106
Statistiques - réponses
Saisons Nationalité Joueur Nombre
De Matchs
Poste % Correct
2001 - 2014 Angleterre FrankLampard 648 M
100%
2004 - 20122014 - 2015 CoteD'Ivoire DidierDrogba 381 A
96%
1998 - 2017 Angleterre JohnTerry 717 D
96%
2004 - 2015 RépubliqueTchèque Petr Cech 494 G
96%
2006 - 2014 Angleterre AshleyCole 337 D
85%
2001 - 20032005 - 2006 Angleterre CarltonCole 32 A
85%
2003 - 2010 Angleterre JoeCole 282 M/A
85%
2005 - 20122013 - 2014 Ghana MichaelEssien 256 M
85%
2007 - 2017 Serbie BranislavIvanovic 377 D
78%
2007 - 2013 France FlorentMalouda 229 A
74%
2007 - 2012 France NicolasAnelka 184 A
74%
2006 - 2017 Nigéria John ObiMikel 372 M
67%
2006 - 2008 Ukraine AndriyShevchenko 77 A
63%
2006 - 2010 Allemagne MichaelBallack 167 M
63%
2004 - 2010 Portugal RicardoCarvalho 210 D
63%
2006 - 2012 CoteD'Ivoire SalomonKalou 254 A
63%
2008 - 2012 Portugal Bosingwa 126 D
59%
2003 - 2008 France ClaudeMakélélé 217 M
59%
1996 - 2001 France FrankLeboeuf 204 D
59%
1998 - 2004 France MarcelDesailly 222 D
59%
2001 - 2006 France WilliamGallas 225 D
59%
2004 - 2007 Pays - Bas ArjenRobben 106 A
56%
2008 - 2010 Portugal Deco 58 M
52%
2000 - 2006 Islande EidurGudjohnsen 263 A
52%
2001 - 2004 France EmmanuelPetit 76 M
52%
1996 - 2003 Italie GianfrancoZola 312 M/A
52%
2004 - 2013 Portugal PauloFerreira 217 D
52%
2003 - 2005 Roumanie AdrianMutu 38 A
48%
2009 - 20102013 - 2017 Serbie NemanjaMatic 154 M
48%
2003 - 20042005 - 2006 Argentine HernanCrespo 73 A
44%
2005 - 2007 France LassanaDiarra 31 M
41%
2007 - 2012 Brésil Alex 134 D
33%
1999 - 2009 Italie CarloCudicini 216 G
30%
2003 - 2006 Irlande DamienDuff 125 M/A
30%
2000 - 2004 Pays - Bas Jimmy FloydHasselbaink 177 A
30%
2004 - 2005 Portugal TiagoMendes 52 M
30%
2009 - 2011 Russie YuriyZhirkov 49 D/M
30%
2009 - 2013 Angleterre DanielSturridge 96 A
26%
2008 - 2009 Portugal RicardoQuaresma 5 A
26%
2007 - 2008 Pérou ClaudioPizarro 32 A
19%
2006 - 2007 Pays - Bas KhalidBoulahrouz 23 D
19%
2004 - 2005 Serbie MatejaKezman 41 A
19%
2003 - 2009 Angleterre WayneBridge 142 D
19%
2009 - 2011 RépubliqueDémocratique Du Congo GaelKakuta 16 M/A
15%
2003 - 2006 Angleterre GlenJohnson 71 D
15%
1997 - 2001 Uruguay GustavoPoyet 144 M
15%
2000 - 2004 Danemark JesperGronkjaer 119 A
15%
2007 - 2010 Brésil JulianoBelletti 94 D
15%
1999 - 2004 Pays - Bas MarioMelchiot 164 D
15%
2003 - 2007 Cameroun NtijapGeremi 109 M
15%
2005 - 2008 Angleterre ShaunWright - Phillips 125 A
15%
1997 - 2001 Norvège Tore AndréFlo 163 A
15%
1998 - 2003 Espagne AlbertFerrer 113 D
11%
2005 - 2006 Espagne AsierDel Horno 34 D
11%
1990 - 2001 Angleterre DennisWise 440 M
11%
1988 - 19931997 - 2003 Angleterre GraemeLe Saux 304 D
11%
2006 - 2014 Portugal Hilario 39 G
11%
2009 - 2011 Pays - Bas JeffreyBruma 10 D
11%
2005 - 2006 Angleterre JimmySmith 1 M
11%
2005 - 2006 Portugal Maniche 11 M
11%
2009 - 2011 Pays - Bas PatrickVan Aanholt 8 D
11%
2009 - 2013 Angleterre RossTurnbull 19 G
11%
2003 - 2005 Angleterre ScottParker 28 M
11%
2006 - 2009 Angleterre ScottSinclair 14 A
11%
1997- 2003 Pays - Bas EdDe Goey 179 G
7%
2008 - 2009 Argentine FrancoDi Santo 16 A
7%
2003 - 2004 Argentine Juan SebastianVéron 14 M
7%
2001 - 2006 Allemagne RobertHuth 62 D
7%
2006 - 2012 Angleterre SamHutchinson 6 D/M
7%
2007 - 2008 Israel TalBen Haim 23 D
7%
2001 - 2003 Pays - Bas BoudewijnZenden 59 A
4%
1997 - 2005 Nigéria CelestineBabayaro 197 D
4%
2000 - 2001 Italie ChristianPanucci 10 D
4%
2009 - 2010 Italie FabioBorini 8 A
4%
2003 - 2004 Italie MarcoAmbrosio 12 G
4%
2000 - 2004 Croatie MarioStanic 80 A
4%
2008 - 2009 Seychelles MichaelMancienne 6 D
4%
1996 - 2002 Italie RobertoDi Matteo 175 M
4%
2007 - 2008 Angleterre SteveSidwell 25 M
4%
2004 - 2005 Russie AlekseySmertin 25 M
0%
2003 - 2004 Chypre AlexisNicolas 3 M
0%
2004 - 2005 Jamaique AnthonyGrant 1 M
0%
2006 - 2007 Israel BenSahar 5 A
0%
1997 - 2001 France BernardLambourde 60 D
0%
1999 - 2001 Brésil EmersonThome 22 D
0%
2002 - 2005 Portugal FilipeOliveira 8 A
0%
2004 - 2005 RépubliqueTchèque JiriJarosik 20 D
0%
1995 - 2003 Angleterre JodyMorris 173 M
0%
2001 - 2003 Angleterre JoeKeenan 3 D
0%
2001 - 2002 Ouganda JoelKitamirike 1 D
0%
1998 - 2001 Angleterre JonHarley 42 D
0%
2004 - 2006 Angleterre LennyPidgeley 2 G
0%
2001 - 2002 Angleterre LeonKnight 1 A
0%
2001 - 2002 Australie MarkBosnich 7 G
0%
2006 - 2007 Angleterre MichaelWoods 2 M
0%
1998 - 20002001 - 2002 2003 - 2005 Finlande MikaelForssell 53 A
0%
2008 - 2009 Brésil Mineiro 2 M
0%
2008 - 2009 Slovaquie MiroslavStoch 5 A
0%
2003 - 2004 Ecosse NeilSullivan 8 G
0%
2004 - 20052006 - 2007 Portugal NunoMorais 9 M
0%
2002 - 2003 Espagne QuiqueDe Lucas 31 M
0%
2000 - 2001 Géorgie RatiAleksidze 3 A
0%
1999 - 2002 Italie SamueleDalla Bona 73 M
0%
2000 - 2002 Serbie SlavisaJokanovic 52 M
0%
2004 - 2005 Ecosse StevenWatt 2 D
0%
2000 - 2003 Pays - Bas WinstonBogarde 12 D
0%
Aucun quiz correspondant
Distribution des résultats
% des personnes avec chaque résultat
Percentile par nombre de réponses
Votre historique - résultats
Vous n’avez pas pris ce quiz